| 000 -LEADER | |
|---|---|
| fixed length control field | 00851nam a22002657a 4500 |
| 005 - DATE AND TIME OF LATEST TRANSACTION | |
| control field | 20250420134825.0 |
| 008 - FIXED-LENGTH DATA ELEMENTS--GENERAL INFORMATION | |
| fixed length control field | 211118b ||||| |||| 00| 0 eng d |
| 020 ## - INTERNATIONAL STANDARD BOOK NUMBER | |
| International Standard Book Number | 9781108667425 |
| 040 ## - CATALOGING SOURCE | |
| Transcribing agency | KCST |
| 082 ## - DEWEY DECIMAL CLASSIFICATION NUMBER | |
| Classification number | 428.24 |
| Item number | So Un |
| 100 ## - MAIN ENTRY--PERSONAL NAME | |
| Personal name | Sowton, Chris |
| 9 (RLIN) | 5143 |
| 245 ## - TITLE STATEMENT | |
| Title | Unlock: reading and writing skills : Level 4, Student's book / |
| Statement of responsibility, etc. | Chris Sowton; Chris Kennedy; Jessica Williams; Christina Cavage; Anita Sunda |
| 250 ## - EDITION STATEMENT | |
| Edition statement | 2 |
| 260 ## - PUBLICATION, DISTRIBUTION, ETC. | |
| Place of publication, distribution, etc. | Cambridge: |
| Name of publisher, distributor, etc. | Cambridge University Pres; |
| Date of publication, distribution, etc. | 2019. |
| 300 ## - PHYSICAL DESCRIPTION | |
| Extent | 207 p. |
| 521 ## - TARGET AUDIENCE NOTE | |
| Target audience note | B2 English Profile. |
| 650 ## - SUBJECT ADDED ENTRY--TOPICAL TERM | |
| Topical term or geographic name entry element | English language |
| Form subdivision | Textbooks for foreign speakers. |
| 9 (RLIN) | 4734 |
| 650 ## - SUBJECT ADDED ENTRY--TOPICAL TERM | |
| Topical term or geographic name entry element | English language. |
| 9 (RLIN) | 2090 |
| 700 ## - ADDED ENTRY--PERSONAL NAME | |
| Personal name | Chris Kennedy |
| 9 (RLIN) | 5609 |
| 700 ## - ADDED ENTRY--PERSONAL NAME | |
| Personal name | Williams, Jessica |
| 9 (RLIN) | 5423 |
| 700 ## - ADDED ENTRY--PERSONAL NAME | |
| Personal name | Cavage, Christina |
| 9 (RLIN) | 5610 |
| 700 ## - ADDED ENTRY--PERSONAL NAME | |
| Personal name | Sunda, Anita |
| 9 (RLIN) | 5611 |
| 942 ## - ADDED ENTRY ELEMENTS (KOHA) | |
| Koha item type | Book |
| 942 ## - ADDED ENTRY ELEMENTS (KOHA) | |
| Source of classification or shelving scheme | Dewey Decimal Classification |
| Withdrawn status | Lost status | Source of classification or shelving scheme | Damaged status | Not for loan | Home library | Current library | Date acquired | Cost, normal purchase price | Total checkouts | Full call number | Barcode | Date last seen | Cost, replacement price | Price effective from | Koha item type | Source of acquisition |
|---|---|---|---|---|---|---|---|---|---|---|---|---|---|---|---|---|
| Dewey Decimal Classification | KCST Library | KCST Library | 18/11/2021 | 11.50 | 428.24 So Un | 1000000977 | 18/11/2021 | 11.50 | 18/11/2021 | Book | ||||||
| Dewey Decimal Classification | KCST Library | KCST Library | 08/10/2023 | 0.00 | 428.24 So Un | 1000001153 | 08/10/2023 | 18/11/2021 | Book | Donated by Ms. Rawan - English Dept. |